Datum a čas kvízu
29.5
Celkem bodů
Celkový počet nahraných bodů na tomto kvízu bez doplňovacích otázek.
5.
Pořadí na kvízu
Konečné umístění týmu na tomto kvízu.
Zaznamenané odpovědi
| # | Otázka | Odpověď | Body | Výsledky |
|---|---|---|---|---|
| 1. | Občanská demokratická strana z... | 1 | ||
| 2. | Řezníci v jisté evropské zemi... | 1 | ||
| 3. | V jednom z našich krajských m... | 1 | ||
| 4. | Český premiér při rozhovoru pr... | 1 | ||
| 5. | Obhájce titulu mistrů světa ve... | 0 | ||
| 6. | Předminulý týden (21. června)... | 0 | ||
| 7. | První červencový týden tradičn... | 1 | ||
| 8. | Oblíbenou letní událostí jsou... | 0 | ||
| 9. | Jak se jmenuje hudební skupina... | 0 | ||
| 10. | Začátek léta má řada sportovní... | 1 |